[Event "Grand Prix Riga 2019"]
[Site "Riga"]
[Date "2019.07.14"]
[Round "1.2"]
[White "Aronian, Levon"]
[Black "Yu, Yangyi"]
[Result "1-0"]
[WhiteElo "2756"]
[BlackElo "2736"]
[Annotator "TA RC"]
[PlyCount "126"]
[EventDate "2019.07.10"]
[EventType "k.o."]
[EventCountry "LAT"]
[SourceTitle "playchess.com"]
[Source "ChessBase"]
[SourceQuality "1"]

{[%evp 13,126,37,42,25,23,21,31,23,33,17,32,0,16,-17,-5,-34,0,0,0,0,10,-27,8,10,27,0,0,0,0,0,0,0,0,0,0,0,0,0,0,0,0,0,9,6,10,0,0,0,0,0,0,0,0,0,0,0,0,0,0,0,0,0,0,0,0,0,0,0,0,0,33,0,0,0,0,0,0,0,18,0,0,0,26,0,6,0,0,0,0,0,0,0,0,0,0,0,0,0,0,0,0,0,0,0,0,0,0,0,0,0,0,0,0,0,0]} 1. c4 c6 2. Nf3 d5 3. e3 Nf6 4. d4 g6 5. Nc3 Bg7 6. Be2 O-O 7. O-O a6 8. h3 {D94: Grünfeld: 4 Nf3 Bg7 5 e3} (8. Bd2 Bg4 9. Qb3 Ra7 10. Rfd1 e6 11. h3 Bxf3 12. Bxf3 Nbd7 13. Ne2 Re8 14. Be1 a5 15. Qc2 Nb6 16. b3 {½-½ (41) Aronian,L (2767)-Artemiev,V (2709) Caleta 2019}) 8... e6 9. b3 Nbd7 10. Ba3 $146 {White is slightly better.} ({Predecessor:} 10. Qc2 Re8 11. Bb2 b6 12. b4 dxc4 13. Bxc4 Bb7 14. Be2 c5 15. dxc5 bxc5 {1-0 (53) Zhou,J (2652)-Li,S (2514) Xinghua 2010}) 10... Re8 $1 11. Rc1 b6 12. Nd2 Bb7 13. Bf3 e5 14. Re1 e4 15. Be2 Nf8 16. Bb2 Ne6 17. a4 h5 18. b4 Rc8 19. b5 axb5 $1 20. axb5 c5 21. dxc5 Nxc5 22. Na4 Nfd7 23. Bxg7 Kxg7 24. Nxc5 Nxc5 25. Nb3 dxc4 26. Nxc5 Rxc5 27. Rxc4 Rxc4 28. Bxc4 Qf6 29. Qd7 Re7 $1 {[%cal Re7d7]} 30. Qd8 Re5 31. Rd1 Qxd8 32. Rxd8 $11 {[%mdl 4096] Endgame KRB-KRB} Rc5 33. Rd7 Rxc4 34. Rxb7 {KR-KR} Rc1+ 35. Kh2 Rc2 36. Kg3 h4+ 37. Kxh4 {[#] Strongly threatening Kg3.} Rxf2 38. Kg3 Rf6 39. h4 Kh7 40. Kh2 Kg7 41. Kh3 Kg8 42. Kh2 Kg7 43. Kg3 Kh7 44. Kh3 Kg7 45. Kh2 Kg8 46. Kg1 Kg7 47. Kh1 Kg8 48. Kh2 Kf8 {The position is equal.} 49. Kh3 Kg7 50. g3 Rf3 51. Rxb6 Rxe3 52. Rc6 Rb3 53. b6 f5 54. h5 gxh5 {[#] Threatens to win with ...f4.} 55. Kh4 e3 56. Kg5 Kf7 57. Kxf5 Rb5+ 58. Kf4 e2 59. Rc1 Rxb6 60. Re1 Re6 61. Kf3 Kf6 62. Rxe2 Rxe2 63. Kxe2 Kg5 {Accuracy: White = 61%, Black = 70%.} 1-0

[Event "Grand Prix Riga 2019"]
[Site "Riga"]
[Date "2019.07.14"]
[Round "1.2"]
[White "Yu, Yangyi"]
[Black "Aronian, Levon"]
[Result "1/2-1/2"]
[WhiteElo "2736"]
[BlackElo "2756"]
[Annotator "TA"]
[PlyCount "89"]
[EventDate "2019.07.10"]
[EventType "k.o."]
[EventCountry "LAT"]
[SourceTitle "playchess.com"]
[Source "ChessBase"]
[SourceQuality "1"]

{[%evp 19,89,26,28,0,0,4,53,52,60,57,60,30,41,26,25,27,12,16,20,12,32,24,16,0,16,7,9,10,44,44,44,44,76,76,76,76,76,76,73,52,52,59,52,37,80,37,37,37,145,145,257,85,85,8,8,4,4,4,4,4,5,0,0,0,0,0,0,0,0,0,0,0]} 1. d4 Nf6 2. c4 e6 3. g3 d5 4. Bg2 Be7 5. Nf3 O-O 6. O-O dxc4 7. Ne5 Nc6 8. Bxc6 bxc6 9. Nxc6 Qe8 10. Nxe7+ Qxe7 11. Nc3 {E05: Open Catalan: 5 Nf3 Be7} (11. Qa4 e5 12. dxe5 Qxe5 13. Re1 Be6 14. Nc3 Ne4 15. Qc2 Nxc3 16. Qxc3 Qxc3 17. bxc3 Rab8 18. f3 Rfd8 19. Bf4 Rb2 {½-½ (32) Nakamura,H (2746)-So,W (2762) Saint Louis 2019}) 11... Rd8 12. Qa4 a5 13. Qxc4 {White is slightly better.} Ba6 14. Qc6 $146 ({Predecessor:} 14. Qc5 Qxc5 15. dxc5 Rab8 16. b3 Nd5 17. Bb2 {½-½ (17) Gloor,C (2101)-Noseda,F (1927) Sao Paulo 2017}) 14... Qb4 15. Bg5 Bb7 16. Qb5 Rxd4 17. a3 Qxb5 18. Nxb5 Rd7 19. Rfd1 Rad8 20. Rxd7 Rxd7 21. Rc1 Ba6 22. Nxc7 Bxe2 23. Nd5 {[#] White threatens Rc8+ and mate.} h5 (23... Ne8 {seems wilder.} 24. Nb6 Rd6 25. Be3 f6 26. Kg2 Rd1) 24. Nxf6+ gxf6 25. Bxf6 Rd1+ 26. Rxd1 Bxd1 $16 {[%mdl 4096] Endgame KB-KB} 27. b4 axb4 28. axb4 Ba4 29. f3 Kh7 $1 30. Kf2 Kg6 31. Bd8 Kf5 32. Ke3 e5 33. h3 Bc6 (33... Ke6 $14) 34. g4+ Kg6 (34... hxg4 $16 {might work better.} 35. fxg4+ Ke6) 35. h4 $2 {[#]} (35. gxh5+ $18 {and the rest is easy.} Kxh5 36. Bf6) 35... f5 36. gxh5+ (36. Bc7 $16) 36... Kxh5 $11 {The position is equal.} 37. Bf6 f4+ 38. Kf2 e4 39. fxe4 Bxe4 40. b5 Kg4 41. b6 Bb7 42. Bg5 f3 43. Bd8 Bc6 44. Be7 Bb7 45. Bd8 {Accuracy: White = 37%, Black = 56%.} 1/2-1/2

[Event "Grand Prix Riga 2019"]
[Site "Riga"]
[Date "2019.07.14"]
[Round "1.2"]
[White "Yu, Yangyi"]
[Black "Aronian, Levon"]
[Result "1-0"]
[WhiteElo "2736"]
[BlackElo "2756"]
[Annotator "TA"]
[PlyCount "87"]
[EventDate "2019.07.10"]
[EventType "k.o."]
[EventCountry "LAT"]
[SourceTitle "playchess.com"]
[Source "ChessBase"]
[SourceQuality "1"]

{[%evp 11,87,0,11,-4,8,2,-1,-56,0,-7,0,-8,2,-9,-24,-14,-10,-13,-2,-27,-27,-27,0,0,0,0,0,0,0,0,0,0,0,-6,0,-20,0,0,0,0,0,0,6,0,0,0,0,0,0,0,0,0,0,0,0,0,0,0,92,0,0,0,2,0,0,0,430,442,1204,1158,1123,1106,889,878,1552,1298,29996,29997]} 1. d4 Nf6 2. c4 e6 3. Nc3 Bb4 4. Qc2 O-O 5. e4 d5 6. e5 Ne4 $1 7. a3 {E32: Nimzo-Indian: Classical (4 Qc2): 4...0-0} (7. Nf3 {with more complications.} c5 8. Bd3 cxd4 9. Nxd4 Nd7 10. Bf4) (7. Bd3 c5 8. Nf3 cxd4 9. Nxd4 Nd7 10. Bf4 Qh4 11. g3 Qh5 12. h4 Nxe5 13. Be2 Ng4 14. Bxg4 Qxg4 15. f3 Qh5 {1-0 (36) Vallejo Pons,F (2707)-So,W (2780) Leon 2018}) (7. Bd3 c5 8. Nf3 cxd4 9. Nxd4 Nd7 10. Bf4 Qh4 11. g3 Qh5 12. cxd5 exd5 13. f3 Bxc3+ 14. bxc3 Nec5 15. g4 Qh4+ {½-½ (60) Yu,Y (2738)-Aronian,L (2752) Stavanger 2019}) 7... Bxc3+ $1 8. bxc3 {With the idea Nh3.} c5 $1 9. Bb2 ({White should try} 9. Bd3 $11) 9... Nc6 10. Bd3 f5 11. Ne2 $146 ({Predecessor:} 11. Nf3 b6 12. O-O Ba6 13. cxd5 Bxd3 14. Qxd3 exd5 15. dxc5 Nxc5 {0-1 (34) Gaprindashvili,V (2390)-Agopov,M (2409) Batumi 1999}) 11... dxc4 12. Bxe4 fxe4 13. O-O b5 14. Qxe4 Bb7 {Black wants to play ...Nxd4.} 15. Qg4 Qd5 16. f3 (16. Nf4 Rxf4 $1 {[%mdl 512]} 17. Qxf4 Nxd4 $1 $17 {[%mdl 512]}) 16... a5 17. Nf4 Rxf4 $1 18. Qxf4 cxd4 19. cxd4 b4 20. axb4 axb4 {...c3 is the strong threat.} 21. Rxa8+ Bxa8 22. Rc1 Bb7 {next ...c3 is good for Black.} 23. Kf2 c3 24. Bxc3 $1 bxc3 25. Rxc3 h6 ({Don't blunder} 25... Nxd4 $2 26. Rd3 $18) 26. h4 Ba6 27. Ra3 Qb5 {And now ...Qb2+ would win.} 28. Kg3 Ne7 29. Kh2 Qb6 30. h5 Bb7 31. Rd3 Bd5 32. Rc3 Nf5 33. Rc8+ Kh7 34. Qg4 {[%csl Gh5][%cal Rg4g6]} Ne7 {[#]} (34... g5 $1 $11 35. hxg6+ Kg7) 35. Re8 ({White should play} 35. Rf8 $1 $16 {[%cal Rf8f7] Strongly threatening Rf7!} Qb5 36. Qh4) 35... Qc7 $11 36. Rf8 {White threatens Rf7! and mate.} Qc1 37. Re8 $40 {[%mdl 128] White is up to no good.} Qc7 38. Qg3 Bb3 $2 {[%mdl 8192] [#]} (38... g5 $11 {and Black is okay.}) 39. Rf8 $1 $18 {[%cal Rf8f7] Intending Rf7! and mate.} Qc1 {[#]} (39... Qb6 $142 40. d5 Bxd5) 40. Rf7 $1 {[%csl Gf7,LRe7,LRg7][%cal Rg3g7]} Nf5 41. Qg6+ Kg8 42. Rb7 {Threatening mate with Rb8+.} Qf4+ 43. g3 {[%cal Rb7b8]} Qd2+ 44. Kh3 {Accuracy: White = 62%, Black = 43%.} 1-0

[Event "Grand Prix Riga 2019"]
[Site "Riga"]
[Date "2019.07.13"]
[Round "1.2"]
[White "Harikrishna, Pentala"]
[Black "So, Wesley"]
[Result "1/2-1/2"]
[WhiteElo "2734"]
[BlackElo "2763"]
[Annotator "TA"]
[PlyCount "57"]
[EventDate "2019.07.10"]
[EventType "k.o."]
[EventCountry "LAT"]
[SourceTitle "playchess.com"]
[Source "ChessBase"]
[SourceQuality "1"]

{[%evp 18,57,14,22,14,0,12,11,21,20,29,25,26,25,31,25,33,31,36,33,27,10,12,14,14,15,18,6,14,11,3,0,41,33,39,35,27,0,0,0,0,0]} 1. d4 Nf6 2. c4 e6 3. g3 d5 4. Bg2 Be7 5. Nf3 O-O 6. O-O dxc4 7. Qc2 a6 8. a4 Bd7 9. Qxc4 Bc6 10. Bf4 Bd6 {E05: Open Catalan: 5 Nf3 Be7} 11. Qc1 Nbd7 12. Nc3 Qe7 13. Re1 {[#]} Bxf4 $146 ({Predecessor:} 13... Bxf3 14. Bxf3 Bxf4 15. Qxf4 c6 16. a5 e5 17. Qe3 Rfe8 18. d5 {½-½ (35) Ding,L (2777)-Leko,P (2691) Riadh 2017}) 14. Qxf4 Bxf3 15. Qxf3 c6 16. a5 Rfe8 17. Red1 e5 18. d5 e4 19. Qf5 g6 20. Qf4 cxd5 21. Nxd5 Nxd5 22. Rxd5 Nf6 23. Rd6 Kg7 24. Rad1 Rad8 (24... Rac8 {keeps more tension.} 25. Qd2 Qe5 26. e3 Re7 27. Bh3 Rc5) 25. Rxd8 Rxd8 26. Rxd8 Qxd8 27. Bxe4 Nxe4 28. Qxe4 Qxa5 {Threatening ...Qa1+.} 29. Qxb7 {Accuracy: White = 74%, Black = 60%.} 1/2-1/2

[Event "Grand Prix Riga 2019"]
[Site "Riga"]
[Date "2019.07.14"]
[Round "1.2"]
[White "Harikrishna, Pentala"]
[Black "So, Wesley"]
[Result "1/2-1/2"]
[WhiteElo "2734"]
[BlackElo "2763"]
[Annotator "TA"]
[PlyCount "82"]
[EventDate "2019.07.10"]
[EventType "k.o."]
[EventCountry "LAT"]
[SourceTitle "playchess.com"]
[Source "ChessBase"]
[SourceQuality "1"]

{[%evp 12,82,34,12,25,19,21,20,14,14,14,17,11,17,20,23,17,14,10,13,23,2,14,14,20,29,25,7,5,8,9,0,0,0,0,0,0,0,0,0,0,0,0,0,0,0,0,0,0,0,0,0,0,-18,0,-22,-23,-23,-23,-35,-35,-38,-12,-13,-20,-20,0,-24,0,-22,0,-31,0]} 1. d4 Nf6 2. c4 e6 3. g3 $146 ({Predecessor:} 3. Nf3 d5 4. g3 Be7 {½-½ (58) Postny,E (2621)-Tomashevsky,E (2702) Biograd 2018}) 3... d5 4. Bg2 Be7 5. Nf3 O-O 6. O-O dxc4 7. Qc2 b6 {E05: Open Catalan: 5 Nf3 Be7} 8. Bg5 Nd5 9. Bxe7 Qxe7 {The position is equal.} 10. Ne5 Bb7 11. Qxc4 c5 12. Nc3 Nxc3 13. Qxc3 cxd4 14. Qxd4 Bxg2 15. Kxg2 Qb7+ 16. Kg1 Nc6 17. Qe4 Rfc8 18. Rfd1 {[#] And now Rd7 would win.} Rc7 $1 19. Nf3 h6 20. Rac1 Rd8 21. Ne5 {[%cal Re5c6]} Rxd1+ 22. Rxd1 {Strongly threatening Nxc6.} f5 23. Qe3 Nxe5 24. Qxe5 $11 {[%mdl 4096] Endgame KQR-KQR} Kf7 25. f3 Rd7 26. Rc1 Qd5 27. Qxd5 Rxd5 {KR-KR} 28. Rc7+ Kf6 29. Rxa7 Rd2 $1 {[%csl LRb2,LRe2][%mdl 64] [#] Double Attack} 30. b4 Rxe2 31. a4 Ra2 32. h4 Ra1+ 33. Kg2 b5 34. a5 Ra4 35. Rb7 Rxb4 36. Kf2 Rb2+ 37. Ke3 Rb3+ 38. Ke2 Rb2+ 39. Kd3 Rb3+ 40. Ke2 Rb2+ 41. Kd3 Rb3+ {Accuracy: White = 78%, Black = 74%.} (41... Rg2 $5 {[%cal Rg2g3]} 42. Kc3 (42. Rxb5 Rxg3 43. Ke3 Rg1 $15) 42... Rxg3 $11) 1/2-1/2

[Event "Grand Prix Riga 2019"]
[Site "Riga"]
[Date "2019.07.14"]
[Round "1.3"]
[White "Svidler, Peter"]
[Black "Duda, Jan-Krzysztof"]
[Result "1/2-1/2"]
[WhiteElo "2737"]
[BlackElo "2729"]
[Annotator "TA"]
[PlyCount "136"]
[EventDate "2019.07.10"]
[EventType "k.o."]
[EventCountry "LAT"]
[SourceTitle "playchess.com"]
[Source "ChessBase"]
[SourceQuality "1"]

{[%evp 13,136,11,21,20,13,13,12,14,30,20,22,17,11,9,37,24,35,25,29,21,13,20,35,0,0,4,0,2,0,0,0,0,0,0,13,0,0,0,0,0,0,0,0,0,0,0,0,0,0,0,0,0,0,0,0,0,0,-6,-7,-115,-113,-132,-35,-44,-20,-13,-17,-35,-42,-46,-38,-51,-47,-68,-67,-66,-65,-69,-8,-8,0,-8,0,-8,-8,-8,-8,-8,0,0,0,-112,-74,-74,-75,-75,-76,-76,0,-72,-72,-72,0,0,8,8,8,8,8,8,8,8,8,8,8,8,8,8,8,8,8,8,8,8,8]} 1. e4 e5 2. Nf3 Nf6 3. Nxe5 d6 4. Nf3 Nxe4 5. Nc3 Nxc3 6. dxc3 Be7 7. Be3 O-O 8. Qd2 {C42: Petroff Defence: 3 Nxe5 and unusual White 3rd moves} Nd7 9. O-O-O Nf6 10. Bd3 c5 (10... d5 11. Rhe1 Bg4 12. Bg5 Ne4 13. Bxe4 dxe4 14. Bxe7 Qxe7 15. Qf4 f5 {½-½ (78) Nepomniachtchi,I (2773)-Wei,Y (2736) Abidjan 2019}) 11. Bg5 Be6 $146 ({Predecessor:} 11... Qa5 12. Kb1 Be6 13. c4 Qa6 14. b3 Rfe8 15. Rhe1 Rad8 {1-0 (38) Goganov,A (2610)-Piesik,P (2420) Skopje 2019}) 12. Qf4 d5 13. c4 Re8 (13... d4 {keeps more tension.} 14. Rhe1 Re8 15. Bxf6 Bxf6 16. h4 Bd7) 14. Bxf6 Bxf6 15. cxd5 Bxd5 {[#]} 16. Bxh7+ $1 {[%mdl 576] Decoy} Kxh7 17. Qf5+ {[%mdl 64] Double Attack} Kg8 18. Qxd5 Qb6 19. c3 Re2 {[%csl Ge2][%cal Rb6b2]} 20. Rd2 Rxd2 21. Qxd2 Qe6 22. Kb1 Qg4 23. Rg1 Re8 24. Qc2 b5 25. h3 Qc4 26. Rd1 Re2 27. Rd2 Rxd2 28. Qxd2 Qf1+ 29. Ne1 a5 30. Kc2 b4 31. cxb4 axb4 32. Kb3 Be7 33. Qe3 c4+ 34. Kc2 Bf6 35. b3 g6 36. bxc4 (36. Kd1 $11) 36... Qxc4+ $17 37. Kb1 {[#]} Qf1 (37... Qd5 $1 $17 {Hoping for ...Qd1+.} 38. Qb3 Qe4+ {[%mdl 64] Double Attack} 39. Nd3 Bc3) 38. Kc2 $1 $15 Bc3 (38... Qc4+ $2 39. Kb1 $19) 39. Nd3 Qxg2 40. Qe8+ Kg7 41. a3 Qd5 {White must now prevent ...Qa2+.} 42. Nxb4 Qd2+ 43. Kb3 Qb2+ 44. Ka4 Qxf2 45. Qe4 Qa7+ ({Better is} 45... f5 $15 46. Qe7+ Kh6) 46. Kb3 $11 Bf6 47. Qd3 Qc5 48. Nd5 Be5 49. a4 f5 50. Qc4 Qf2 {[%csl Ge5][%cal Rf2b2]} 51. a5 f4 {...f3 is the strong threat.} 52. a6 (52. Qe4 $11 Bd6 53. Qd3) 52... f3 {Strongly threatening ...Qb2+.} 53. Qd3 Qb2+ 54. Kc4 f2 55. Ne3 Qb6 (55... Qa2+ $17 56. Kb5 Qb2+ 57. Kc5 Qc1+ 58. Kd5 Bf6) 56. Kd5 (56. Qd7+ $11 {remains equal.} Kf8 57. a7 Qa6+ 58. Kd5 Qd3+ 59. Kc6 Qa6+ 60. Kd5 Qd3+ 61. Kc6 Qc3+ 62. Kd5 Qd3+) 56... Bf4 $17 57. Nf1 Kh6 (57... Qa5+ $17 58. Kc6 Qc7+ 59. Kb5 Qb8+ 60. Kc4 Qc8+ 61. Kb5 Qe8+ 62. Kb6 Qe5 63. Qd7+ Kh6) 58. Ke4 $11 {The position is equal.} Bb8 $132 {[%mdl 2048] Black puts up resistance} 59. Qe3+ Qxe3+ 60. Kxe3 {[%mdl 4096] Endgame KB-KN} Ba7+ 61. Kf3 Kg5 62. Nd2 Kh4 63. Kg2 g5 64. Nf3+ Kh5 65. Ne5 Kh4 $1 66. Ng6+ Kh5 67. Ne7 g4 68. hxg4+ Kxg4 {Accuracy: White = 69%, Black = 58%.} 1/2-1/2

[Event "Grand Prix Riga 2019"]
[Site "Riga"]
[Date "2019.07.12"]
[Round "1.3"]
[White "Svidler, Peter"]
[Black "Duda, Jan-Krzysztof"]
[Result "1/2-1/2"]
[WhiteElo "2737"]
[BlackElo "2729"]
[Annotator "TA"]
[PlyCount "83"]
[EventDate "2019.07.10"]
[EventType "k.o."]
[EventCountry "LAT"]
[SourceTitle "playchess.com"]
[Source "ChessBase"]
[SourceQuality "1"]

{[%evp 9,83,33,16,18,19,13,33,33,27,24,32,26,43,37,33,29,41,40,41,37,31,43,43,-2,-20,-10,-8,-14,-18,-22,-20,-26,-7,-43,11,0,14,18,7,8,17,16,16,16,38,9,7,15,18,0,0,0,0,0,0,0,0,0,0,0,0,0,0,0,0,0,0,0,0,0,0,0,0,0,0,0]} 1. e4 e5 2. Bc4 Nf6 3. d3 c6 4. Nf3 d5 5. Bb3 Bb4+ 6. Bd2 {C24: Bishop's Opening: 2...Nf6} Bxd2+ 7. Qxd2 Qd6 8. Qg5 {White is slightly better.} Nbd7 9. exd5 cxd5 10. d4 e4 11. Nh4 $146 ({Predecessor:} 11. Ne5 O-O 12. Nc3 Nb6 13. f3 {½-½ (34) Vitiugov,N (2721)-Zubov,A (2612) Gjakova 2016}) 11... Nb6 12. Qxg7 Qf4 $1 {Threatens to win with ...Rg8.} 13. Qxh8+ Ke7 {Hoping for ...Qc1+.} 14. Nc3 Qxh4 15. Qg7 {Strongly threatening Qg3.} Bg4 $1 {White must now prevent ...Rg8.} 16. Bxd5 {[%mdl 64] [#] Decoy} (16. Nxe4 $5 Nxe4 17. O-O $14) 16... Nbxd5 17. Nxd5+ Nxd5 18. Qe5+ Be6 {...Rg8 is the strong threat.} 19. c4 f6 20. Qg3 Nf4 21. d5 Nd3+ (21... Qg4 $15 22. Qxg4 Bxg4) 22. Kd2 $11 Qxg3 23. hxg3 Bf5 24. f3 exf3 25. gxf3 Nxb2 26. Rae1+ Kd7 27. g4 {[%mdl 1024] White has compensation.} (27. Kc3 $5 {[%cal Rc3b2]} Nd3 28. Re3 $14) 27... Bg6 {The position is equal.} 28. Kc3 Nd3 29. Re6 Rf8 30. g5 fxg5 {[#]} 31. Rxg6 $1 {[%mdl 512]} hxg6 {[%mdl 4096] Endgame KRN-KR} 32. Rh7+ Kd6 33. Kxd3 Rxf3+ {KR-KR} 34. Ke2 Rc3 (34... g4 {looks sharper.} 35. Rxb7 Ra3 36. Rg7 g5 37. Rxg5 g3) 35. Rxb7 Rxc4 {And now ...Ra4 would win.} 36. Rxa7 Kxd5 (36... Ke5 {is more complex.} 37. d6 Re4+ 38. Kf3 Rf4+ 39. Kg3 Kxd6 40. Ra6+ Ke5) 37. Ra5+ Rc5 38. Rxc5+ Kxc5 39. Kf3 Kb4 40. Kg4 Ka3 41. Kxg5 Kxa2 42. Kxg6 {Accuracy: White = 77%, Black = 63%.} 1/2-1/2

[Event "Grand Prix Riga 2019"]
[Site "Riga"]
[Date "2019.07.13"]
[Round "1.3"]
[White "Duda, Jan-Krzysztof"]
[Black "Svidler, Peter"]
[Result "1/2-1/2"]
[WhiteElo "2729"]
[BlackElo "2737"]
[Annotator "TA"]
[PlyCount "83"]
[EventDate "2019.07.10"]
[EventType "k.o."]
[EventCountry "LAT"]
[SourceTitle "playchess.com"]
[Source "ChessBase"]
[SourceQuality "1"]

{[%evp 10,83,0,0,34,13,22,22,33,18,11,0,0,0,0,0,0,3,-7,-5,60,0,27,50,42,40,43,40,34,31,60,64,91,63,90,62,47,53,51,53,66,52,57,46,102,0,12,0,0,8,42,28,30,28,33,4,4,8,23,6,8,8,30,0,0,0,0,0,0,0,0,0,0,0,0,0]} 1. Nf3 Nf6 2. c4 g6 3. b3 Bg7 4. Bb2 O-O 5. g3 d6 6. d4 a6 {E60: King's Indian: Unusual lines and Fianchetto Variation without Nc3} (6... Nbd7 7. Bg2 c6 8. O-O Re8 9. Nc3 e5 10. e4 exd4 11. Nxd4 Nc5 12. Re1 Ng4 13. h3 Ne5 14. Re3 Qb6 15. Nc2 a5 16. Bf1 Be6 17. Rb1 a4 18. b4 Ncd7 19. Na3 Qxb4 20. Bc1 {½-½ (41) Caruana,F (2816)-Grischuk,A (2766) Paris 2018}) 7. Nc3 Nc6 8. Bg2 e5 9. O-O e4 10. Ne1 Bf5 $146 ({Predecessor:} 10... Re8 11. Nc2 Nb8 12. d5 Nbd7 13. Ne3 h5 14. Qc2 Qe7 15. Rae1 Bh6 16. Bc1 Nf8 {0-1 (49) Bogosavljevic,B (2532)-Burovic,R (2002) Neum 2014}) 11. h3 h5 12. Nc2 Qd7 13. Kh2 Rfe8 14. Ne3 {[#]} Ne7 (14... Nxd4 $1 $11 {[%mdl 512]} 15. Nxe4 (15. Qxd4 Ng4+ 16. hxg4 Bxd4 $11) 15... Bxe4 16. Bxd4 {[#]} h4 $1 {[%mdl 512]}) 15. Rc1 (15. d5 $14) 15... c6 16. d5 cxd5 17. cxd5 b5 18. Rc2 Rac8 19. a3 a5 20. Rd2 Kh7 21. Qa1 Neg8 22. Nxf5 gxf5 23. e3 h4 24. Ne2 Nh5 25. Bxg7 Nxg7 26. Rg1 hxg3+ 27. fxg3 (27. Nxg3 $16 {Strongly threatening Bxe4.} Re5 28. Ne2) 27... Re5 $11 28. Rc1 Nf6 29. Nf4 Ngh5 30. Bf1 Rg8 31. Rg2 Qe7 32. Qb2 Nxf4 33. gxf4 Rxd5 34. b4 axb4 35. axb4 Rg6 36. Rc8 Rd1 {The position is equal.} 37. Be2 Rxg2+ 38. Kxg2 Re1 39. Kf2 Rh1 40. Kg2 Re1 41. Kf2 Rh1 42. Kg2 {Accuracy: White = 60%, Black = 52%.} 1/2-1/2

[Event "Grand Prix Riga 2019"]
[Site "Riga"]
[Date "2019.07.14"]
[Round "1.3"]
[White "Duda, Jan-Krzysztof"]
[Black "Svidler, Peter"]
[Result "1-0"]
[WhiteElo "2729"]
[BlackElo "2737"]
[Annotator "TA"]
[PlyCount "137"]
[EventDate "2019.07.10"]
[EventType "k.o."]
[EventCountry "LAT"]
[SourceTitle "playchess.com"]
[Source "ChessBase"]
[SourceQuality "1"]

{[%evp 11,137,10,29,20,19,17,16,16,37,0,16,17,18,19,46,26,22,21,24,23,42,41,52,36,45,0,13,0,43,41,82,83,79,101,99,101,106,55,59,60,93,90,164,124,286,286,255,192,188,156,158,170,190,96,93,108,258,273,256,113,134,105,93,0,124,109,108,83,79,79,84,77,93,93,134,134,133,132,132,127,111,94,87,81,142,137,185,195,192,180,213,213,252,235,272,139,327,320,280,273,464,457,449,439,502,443,624,615,637,615,460,79,68,0,246,247,276,138,238,208,2355,2156,29982,29983,29982,29983,29995,29995]} 1. Nf3 Nf6 2. c4 g6 3. Nc3 d5 4. cxd5 Nxd5 5. Qb3 Nb6 6. d4 Bg7 7. Bf4 {D90: Grünfeld: 4 Nf3 Bg7 sidelines} Be6 8. Qa3 O-O 9. e4 {The position is equal.} c6 10. Rd1 N8d7 {[%cal Bb8d7,Bd7e5,Be5c4,Bc4d2][%mdl 32]} 11. h4 Bg4 $146 ({Predecessor:} 11... h6 12. h5 g5 13. Bxg5 hxg5 14. h6 Bf6 {0-1 (44) Bacrot,E (2692)-Ivanchuk,V (2710) Ashdod 2015}) 12. Be2 Bxf3 13. Bxf3 e5 14. dxe5 Qe8 15. Be2 Nxe5 16. Qb3 $36 {[%mdl 2048] White has the initiative.} Nec4 {next ...Nxb2! is good for Black.} 17. Bc1 Qe6 $1 18. O-O Rfd8 19. h5 Bd4 20. Rd3 Bf6 21. Rg3 Nd2 22. Qxe6 fxe6 23. Re1 Be5 24. Rg4 (24. Rh3 $16) 24... Kf7 25. g3 a5 26. Kg2 Nbc4 (26... Rd6 $16) 27. Rh1 {Hoping for hxg6+.} Rh8 $2 (27... g5 $16 {was necessary.}) 28. Na4 $18 b5 29. b3 bxa4 30. bxc4 Rad8 31. c5 Bc3 {[#]} 32. Rf4+ ({Better is} 32. e5 $1 $18 {[%mdl 512]}) 32... Ke7 $16 33. e5 {And now Bg4 would win.} Bxe5 (33... g5 $16 34. Rxa4 Rd5) 34. Rxa4 $18 Bc3 35. Rg4 (35. Ra3 $18 Bb4 36. Re3 Bxc5 37. Rc3) 35... Kf7 36. Rf4+ Ke7 37. Rg4 Kf7 $1 38. Bd1 Rd5 39. hxg6+ hxg6 40. Rxh8 Bxh8 41. Bc2 g5 42. Ba4 Bf6 43. Bxc6 Rxc5 44. Bxd2 Rxc6 45. Bxg5 $16 {[%mdl 4096] Endgame Rf4 is the strong threat. KRB-KRB} Bc3 46. Rf4+ Kg6 47. Be7 Rb6 (47... e5 $142 48. Ra4 Rc8) 48. Rc4 Bb4 49. Bc5 Rb5 50. Be3 Rd5 51. Kf3 Rd3 {[#]} 52. Ke4 $1 {[%cal Re4d3]} Ra3 {[#]} 53. Rc2 (53. Ke5 $1 $18) 53... Bd6 $2 (53... Bc3 $16 54. Kd3 Be1+ 55. Kc4 Ra4+ 56. Kb5 Rb4+ 57. Kc5 Rb1) 54. Rc6 $18 Ra4+ 55. Kf3 Be7 $2 (55... Bb4 {was worth a try.} 56. Rxe6+ Kf5) 56. Rxe6+ Kf7 57. Ra6 Rxa2 58. Ke4 a4 (58... Bb4 $142 59. g4 Rc2) 59. g4 a3 60. Kf5 Rb2 61. Bd4 $2 (61. g5 $18 {is more deadly.}) 61... Rd2 $16 62. Be3 ({White should try} 62. Ba7 $14) 62... Rd5+ $2 (62... Rb2 $1 $11 {and Black is okay.}) 63. Ke4 $18 Rb5 64. Bd4 (64. f4 $18) 64... Bb4 (64... Rb4 $16) 65. Ra7+ Kg6 $2 (65... Kg8 66. Ra4 Bf8) 66. f4 Ra5 67. f5+ {White mates.} Kg5 68. Rg7+ Kh4 69. Bf2+ {Played: Ke4-f3} 1-0

[Event "Grand Prix Riga 2019"]
[Site "Riga"]
[Date "2019.07.14"]
[Round "1.4"]
[White "Grischuk, Alexander"]
[Black "Vitiugov, Nikita"]
[Result "1-0"]
[WhiteElo "2766"]
[BlackElo "2727"]
[Annotator "TA"]
[PlyCount "45"]
[EventDate "2019.07.10"]
[EventType "k.o."]
[EventCountry "LAT"]
[SourceTitle "playchess.com"]
[Source "ChessBase"]
[SourceQuality "1"]

{[%evp 11,45,17,23,16,8,17,12,17,18,20,14,0,15,0,0,0,0,0,0,-21,-19,-20,43,32,58,26,791,807,1298,1299,1287,1271,2291,1928,2181,1928]} 1. Nf3 $146 ({Predecessor:} 1. d4 d5 2. c4 e6 3. Nc3 Nf6 {0-1 (45) Jianu,V (2588)-Marin,M (2581) Calimanesti 2014}) 1... Nf6 2. c4 e6 3. Nc3 d5 4. d4 Nbd7 5. Bf4 dxc4 6. e3 Nb6 7. Bxc4 {[%mdl 64] Decoy. D37: Queen's Gambit Declined: 5 Bf4} Nxc4 8. Qa4+ {[%mdl 64] Double Attack} c6 9. Qxc4 {The position is equal.} Nd5 10. Bg3 Qb6 11. Qe2 Bb4 12. O-O Nxc3 13. bxc3 Bxc3 14. Rab1 Qd8 $1 15. Rb3 Ba5 16. e4 Bc7 ({Black should try} 16... O-O $11) 17. Bh4 $36 {[%mdl 3072] White has compensation. White is more active.} Qd7 18. Rd1 $1 {And now Ne5 would win.} O-O $2 {[%mdl 8192]} (18... f6 $11) 19. Ne5 $18 {White is clearly winning.} Qe8 {[#]} 20. Bf6 $1 {[%mdl 512] White wants to mate with Qg4.} Bd8 {[#]} (20... gxf6 21. Qh5) 21. Bxg7 $1 {[%mdl 512]} Kxg7 22. Rg3+ Kh8 {[#]} 23. Qh5 $1 {[%mdl 512] Accuracy: White = 75%, Black = 44%.} 1-0